000 00784cam a2200193 4500
001 WS109134
008 000000n 000 0 eng u
035 _a(Sirsi) u109134
245 _aMovement for Innovation
520 _aWeb site for this organisation which aims to bring about the cultural changes in the construction industry suggested by 'Rethinking construction'. Includes a glossary of terms, details of demonstration projects and case studies and details of publications.
650 _aEGAN REFORMS
650 _aCONSTRUCTION TASK FORCE
650 _aDEMONSTRATION PROJECTS
650 _aCASE STUDIES
650 _aBEST PRACTICE
690 _aBUILT ENVIRONMENT
856 4 0 _uhttps://www.m4i.org.uk
_zView the website free of charge at www.m4i.org.uk...
942 _n0
999 _c119715
_d119715